|
|
|
|
| LEADER |
00843ncm a22002532a 4500 |
| 001 |
001192900 |
| 003 |
CZ BrMZK |
| 005 |
20120214141151.0 |
| 007 |
qu |
| 008 |
120206s1986 xo |||||||||||||||||slo d |
| 040 |
|
|
|a BOA001
|b cze
|
| 072 |
|
7 |
|a 784
|x Vokální hudba
|2 Konspekt
|9 9
|
| 100 |
1 |
|
|a Suchoň, Eugen,
|d 1908-1993
|7 jo20010086369
|4 cmp
|
| 245 |
1 |
0 |
|a Kúcanské pjesňe
|h [hudebnina] :
|b pre spev a klavír /
|c Eugen Suchoň ; zo zbierky Janka Blahu
|
| 250 |
|
|
|a 1. vyd.
|
| 260 |
|
|
|a Bratislava :
|b Slovenský hudobný fond,
|c 1986
|
| 300 |
|
|
|a 17 s.
|
| 490 |
1 |
|
|a Komorná tvorba
|
| 700 |
1 |
|
|a Blaho, Janko,
|d 1901-1981
|7 jn19981000276
|4 lyr
|
| 830 |
|
0 |
|a Komorná tvorba
|
| 910 |
|
|
|a BOA001
|b Mus4-0917.145
|
| 990 |
|
|
|a MU
|
| 991 |
|
|
|b 201202
|
| 996 |
6 |
|
|b 2619053876
|c Mus4-0917.145
|l MZK
|r Sklad / do 1 hodiny
|n 0
|w 001226356
|u 000010
|a 1
|e BOA001
|j MZK50
|s P
|